Missing Word: CBS Shows (1970s) Quiz Stats

 Plays Quiz Updated Oct 14, 2016

Challenge
Share
Tweet
Embed
Score 0/20 Timer 02:00
0 Plays Today
Television Series Missing Word % Correct
The _____ of HazzardDukes
97.7%
The _____ is RightPrice
95.7%
The Mary _____ Moore ShowTyler
95.1%
The _____ and the RestlessYoung
94.5%
___ in the FamilyAll
93.2%
Knots _____Landing
86.3%
One ____ at a TimeDay
81.8%
The Bob _____ ShowNewhart
78.2%
_____ in CincinnatiWKRP
74.4%
Barnaby _____Jones
72.5%
Television Series Missing Word % Correct
_____ TimesGood
65.8%
Logan's _____Run
62.5%
The Sonny & Cher _____ HourComedy
60.1%
_____ GrantLou
59.5%
Archie Bunker's _____Place
58.2%
The _____ White ShowBetty
56.9%
The _____ Duncan ShowSandy
47.8%
_____ CallsHouse
39.7%
The White _____Shadow
28.4%
California _____Fever
1.6%

Today's Daily Dose

You're not logged in!

Compare scores with friends on all Sporcle quizzes.
OR
Log In

You Might Also Like...

Show Comments

Extras

Top Quizzes Today


Score Distribution

Your Account Isn't Verified!

In order to create a playlist on Sporcle, you need to verify the email address you used during registration. Go to your Sporcle Settings to finish the process.

Report this User

Report this user for behavior that violates our Community Guidelines.

Details: